أهم مائة فيلم وفيلم في السينما المصرية : (Record no. 24957)

MARC details
000 -الفاتح
حقل البيانات ثابتة الطول 01117nam a2200313 i 4500
003 - محدد رقم الضبط
رقم الضبط EG-ScBUE
005 - وقت وتاريخ اخر تعامل مع التسجيلة
رقم الضبط 20230507111536.0
008 - عناصر البيانات ثابتة الطول - معلومات عامة
حقل البيانات ثابتة الطول 170622s2017 ua o f 000 0 ara d
017 ## - رقم الإيداع القانونى
رقم الإيداع القانونى 2016 / 27613
020 ## - الرقم الدولى المعيارى للكتب
الرقم الدولى المعيارى للكتاب 9789779545528
040 ## - مصدر الفهرسة
وكالة الفهرسة الأصلية EG-ScBUE
لغة الفهرسة ara
قواعد الوصف rda
وكالة النسخ EG-ScBUE
وكالة التعديل EG-ScBUE
043 ## - رمز المنطقة الجغرافية
رمز المنطقة الجغرافية f-ua---
082 04 - رقم تصنيف ديوى العشرى
رقم الطبعة 22
رقم التصنيف 791.430962
رقم المادة ف ت ح
100 1# - المدخل الرئيسى - إسم شخصى
الإسم الشخصى فتحي، سامح،
الدور مؤلف.
245 10 - بيان العنوان
العنوان أهم مائة فيلم وفيلم في السينما المصرية :
بقية العنوان بمناسبة مرور 90 عاما على السينما المصرية /
بيان المسئوليه,etc تأليف سامح فتحي.
250 ## - بيان الطبعة
بيان الطبعة الطبعة الأولى.
264 #1 - النشر، التوزيع
مكان الناشر او الموزع القاهرة :
اسم الناشر او الموزع سامح فتحي،
تاريخ النشر أو التوزيع 2017.
300 ## - الوصف المادى
التعداد 208 صفحة ؛
تفاصيل ماديه اخرى للوعاء صور ؛
أبعاد الوعاء 24 سم
336 ## - نوع المحتوى
source rdacontent
Carrier Type Term نص
Content Type Code txt
337 ## - نوع الوسيط
source rdamedia
Media Type Term بدون وسيط
Media Type Code n
338 ## - نوع الحامل أو الناقل
source rdacarrier
Carrier Type Term مجلد
Carrier Type Code nc
541 ## - تبصرة المصدر المباشر للتزويد
مصدر التزويد إهداء من ا. محمد فريد خميس.
590 ## - تبصرة محلية(RLIN)
تبصرة محلية Wessam
650 #7 - المدخل الاضافى بالموضوع-مصطلح موضوعى
مصطلح موضوعي أو اسم جغرافي كعنصر مدخل السينما
التقسيم الفرعي الجغرافي مصر
التقسيم الفرعي العام تاريخ.
مصدر الرأس أو المصطلح BUEsh
651 ## - المدخل الاضافى بالموضوع - اسم جغرافى
مصدر الرأس أو المصطلح BUEsh
653 ## - مصطلح تكشيفى غير مقيد
Resource For college Communication and mass media
Arrived date list June2017
655 ## - مصطلح تكشيفى-نوع/شكل
التقسيم الفرعي الشكلي Reading book
942 ## - عناصر المدخل الإضافي( كوها)
مصدر التصنيف او مخطط الترفيف Dewey Decimal Classification
Holdings
حالة التراجع حالة الفقد مصدر التصنيف او خطة الترفيف حالة تلف ليس للاعارة المكان الدائم المكان الحالي موقع الترفيف تاريخ الاكتساب Source of acquisition رقم الاستدعاء الباركود Date last seen مُعار تبصرة غير عامة( المفوع للعناصر المفقوده) نوع الوعاء
    Dewey Decimal Classification     Central Library Central Library First floor 22/06/2017 Donation 791.430962 ف ت ح 000034838 15/07/2025 08/05/2018 إهداء من ا. محمد فريد خميس Book - Borrowing